000 00746cam a2200241 a 4500
001 000019642
005 20200929170103.0
008 750711s1964 sp 001 f spa d
035 _aOCLC ocm01444032 from D970408T
040 _aDO-SdBNP
_cZLM
_dEQO
082 _a863.6
_bE77e, 1964
100 1 _aEspina, Concha,
_d1869-1955
_941553
245 1 3 _aLa esfinge Maragata /
_cConcha Espina.
260 _aMadrid :
_bEspasa-Calpe,
_c1964.
300 _a235 p. ;
_c19 cm.
490 1 _aAustral. Azul: novelas y cuentos
_v1230
650 4 _aNovela española
_91123
650 4 _aLiteratura española
_9632
830 0 _aAustral.
_pAzul: novelas y cuentos;
_v1230
_941554
910 _aCatalogación derivada /Oxford
910 _aWM
049 _aBNGR
999 _c19158
_d19158